| 000 | 00943nam#a22003495a#4500 | ||
|---|---|---|---|
| 001 | 475 | ||
| 008 | 061201s1979####ag#a###f######001#0#spa#d | ||
| 245 | 1 | 0 |
_aClimatología y fenomenología agrícolas : _bManuales / _cArmando L. De Fina, Andrés C. Ravelo. |
| 250 | _a3ª ed. | ||
| 260 |
_aBuenos Aires : _bEudeba, _c1979. |
||
| 300 |
_a351 p. : _bgraf. ; _c22 cm. |
||
| 490 | 0 | _aAplicación Agrícola de la Climatología | |
| 100 | 1 | _aFina, Armando L. De. | |
| 700 | 1 | _aRavelo, Andrés C. | |
| 080 | _a551.58 | ||
| 084 | _aD27 | ||
| 653 | _aTiempo | ||
| 653 | _aClima | ||
| 653 | _aRadiación solar | ||
| 653 | _aTemperatura | ||
| 653 | _aTermografo | ||
| 653 | _aEstadisticas Climatológicas | ||
| 653 | _aVariaciones | ||
| 653 | _aDistribución geográfica | ||
| 653 | _aPresión | ||
| 653 | _aVientos | ||
| 653 | _aHumedad | ||
| 040 |
_aAR-ClEAG _cAR-ClEAG |
||
| 005 | 20241107184636.0 | ||
| 003 | AR-ClEAG | ||
| 942 | _cBK | ||
| 999 |
_c475 _d475 |
||
| 980 |
_62 _aEvangelina Gallicchio _82 _gEvangelina Gallicchio |
||